New Insight into IELTS Student's Book Audio CD / Student's Book

Na minha lista:
Detalhes bibliográficos
Autor principal: Jakeman, Vanessa
Formato: online
Idioma:English
Publicado em: Cambridge University Press, 2008.
Assuntos:
Tags: Adicionar Tag
Sem tags, seja o primeiro a adicionar uma tag!
Thư viện lưu trữ: Mạng thư viện Đại học Đà Nẵng
LEADER 01188na a2200289 4500
001 000031090
003 5412
005 20221123092519.0
008 151001s2008 000 eng
020 |a 9780521680929 
082 |a 420.4  |b JA-V 
100 |a Jakeman, Vanessa 
245 0 |a New Insight into IELTS Student's Book Audio CD /  |c Vanessa Jakeman, Clare Mcdowell  |n Student's Book 
260 |a Cambridge University Press,  |c 2008. 
300 |a 192tr. : ;  |c 30cm+. 
650 |a New Insight into IELTS  |a IELTS 
OWN |a LNN 
AVA |a UDN50  |b LNN  |d 420.4 JA-V  |e available  |t Error 5001 Not defined in file expand_doc_bib_avail.  |f 1  |g 0  |h N  |i 0  |k 1 
AVA |a UDN50  |b LNN  |c English  |d 420.4JA-V  |e available  |t Error 5001 Not defined in file expand_doc_bib_avail.  |f 1  |g 0  |h N  |i 0  |j AN 
999 |a From the UDN01 
AVA |a UDN50  |b LNN  |d 420.4 JA-V  |e available  |t Error 5001 Not defined in file expand_doc_bib_avail.  |f 1  |g 0  |h N  |i 0  |k 1 
AVA |a UDN50  |b LNN  |c English  |d 420.4JA-V  |e available  |t Error 5001 Not defined in file expand_doc_bib_avail.  |f 1  |g 0  |h N  |i 0  |j AN 
TYP |a Printed language 
980 |a Mạng thư viện Đại học Đà Nẵng